000 01012nam1a22002891i 4500
001 rc\145975
005 20241103120423.0
010 _a5870650380
_dб.ц.
_925000
035 _a(NLR Aleph) 005613944
090 _a6439145
_c6439145
100 _a20030307d1995 k y0rusy50 ca
101 0 _arus
102 _aRU
105 _ay j||||||||
200 1 _aРусский язык
_eпрактическое руководство
_eв 2 ч.
_fА.С. Хазанова, Л.В. Цвайг
210 _aМосква
_cВЛАДОС
_d1995
215 _a2 т.
_d21
606 _aРусский язык
_jУчебные издания
_91533567
_3RU\NLR\AUTH\66969347
686 0 _aШ121.12-922.1
_2rubbk
686 0 _aШ121.12-923
_2rubbk
700 1 _aХазанова
_bА. С.
_gАсалия Семеновна
701 1 _aЦвайг
_bЛ. В.
_gЛюбовь Викторовна
801 0 _aRU
_bNLR
_gpsbo
801 1 _aRU
_bELAR
_2rusmarc
801 2 _aRU
_bNLR
_c20140210
_2rusmarc
852 _aNLR
_j95-3/4646
942 _cBOOK